| 000 | 00387nam a22001577a 4500 | ||
|---|---|---|---|
| 003 | NUST - PNEC | ||
| 005 | 20170116181009.0 | ||
| 008 | 150913b xxu||||| |||| 00| 0 eng d | ||
| 020 | _a081440636X | ||
| 040 | _cLIBRARY | ||
| 082 | _a621.38456 STE | ||
| 245 |
_aThe nokia revolution _cDan Steinbock |
||
| 260 | _cc.2001 | ||
| 650 |
_910026 _bMS Communication _xMSCom |
||
| 942 |
_2ddc _cBK |
||
| 999 |
_c67010 _d67010 |
||